000 00623nam a2200205Ia 4500
003 GCL
008 140319s9999 xx 000 0 ara d
040 _aGCL /
_cGCL
082 0 4 _a811.09
_bل ب
100 1 _aلويس عوض
245 1 0 _aبلوتولاند وقصائد من شعر الخاصة /
_cلويس عوض
260 _a[S.N] :
_bالهيئة المصرية العامة للكتاب ،
_c1989
300 _a155 ص
490 _a
650 0 4 _aالشعر العربى
650 0 4 _aالادب العربى
650 0 4 _aالعصر الحديث
650 0 4 _aدواوين وقصائد
942 _2ddc
_cBK
999 _c29221
_d29221